Statistics for College Sports Logos Quiz #2

Click here to take the quiz!

General Stats

  • This quiz has been taken 67,373 times
    (67,352 since last reset)
  • The average score is 16 of 20

Answer Stats

Answer % Correct
Kentucky
93%
Oklahoma
92%
Wisconsin
91%
Virginia Tech
90%
Miami
89%
West Virginia
89%
Xavier
86%
Stanford
85%
Georgia Tech
85%
Baylor
85%
Illinois
81%
Minnesota
79%
Michigan State
77%
Mississippi State
75%
Colorado
74%
George Washington
74%
Villanova
73%
Oregon State
66%
Florida State
60%
Princeton
58%

Score Distribution

Percentile by Number Answered

Percent of People with Each Score

Your Score History

You have not taken this quiz since the last reset